[Event "3. Laufenburger Open Gruppe B"]
[Site "?"]
[Date "2015.10.11"]
[Round "5.7"]
[White "Burgert, Daniel Lukas"]
[Black "Bolettieri, Sandro"]
[Result "0-1"]
[WhiteElo "1229"]
[BlackElo "1600"]
[PlyCount "46"]
[TimeControl "240"]

{518MB, Rybka3Gen.ctg} 1. e4 {[%eval 0,0] [%emt 0:00:00]} c5 2. Nf3 Nc6 3. d4
cxd4 4. Nxd4 g6 5. Bb5 Bg7 6. Be3 Nf6 7. Nc3 a6 8. Ba4 b5 9. Bb3 b4 10. Bd5
bxc3 11. Nxc6 dxc6 12. Bxc6+ Bd7 13. Bxa8 Qxa8 14. Qd4 Qxe4 15. Qxc3 Qxg2 16.
O-O-O O-O 17. Bd4 Rc8 18. Qb4 Qc6 19. c3 Nd5 20. Qa5 Bxd4 21. Rxd4 Nxc3 22. Re1
Ne2+ 23. Kd2 Nxd4 0-1

[Event "3. Laufenburger Open Gruppe B"]
[Site "?"]
[Date "2015.10.11"]
[Round "5.1"]
[White "Schlüter, Sabrina"]
[Black "Bonath, Michael"]
[Result "1-0"]
[WhiteElo "1780"]
[BlackElo "1767"]
[PlyCount "43"]

{518MB, Rybka3Gen.ctg} 1. c4 Nf6 2. Nc3 c6 3. g3 d5 4. cxd5 cxd5 5. d4 Nc6 6.
Nf3 e6 7. a3 Be7 8. Bg2 Bd7 9. O-O O-O 10. Bg5 Rc8 11. Rc1 h6 12. Bf4 Na5 13.
Ne5 Qb6 14. Rc2 Nc4 15. Bc1 Qb3 16. Qd3 Rc7 17. Nxd5 Ba4 18. Nxe7+ Kh8 19.
N7g6+ fxg6 20. Nxg6+ Kg8 21. Qxb3 Bxb3 22. Rc3 1-0

[Event "3. Laufenburger Open Gruppe B"]
[Site "?"]
[Date "2015.10.11"]
[Round "5.6"]
[White "Lachat, Martin"]
[Black "Moser, Benno"]
[Result "1/2-1/2"]
[WhiteElo "1632"]
[BlackElo "1442"]
[PlyCount "73"]

{518MB, Rybka3Gen.ctg} 1. c4 c6 2. Nc3 Nf6 3. Nf3 d5 4. cxd5 cxd5 5. d4 Nc6 6.
e3 Bg4 7. Be2 e6 8. O-O a6 9. a3 Bd6 10. b4 Rc8 11. b5 Nb8 12. Bb2 a5 13. Rc1
Nbd7 14. Qb3 Nb6 15. Na4 Nfd7 16. Nxb6 Nxb6 17. Rxc8 Nxc8 18. Rc1 b6 19. a4 Ne7
20. h3 Bh5 21. Kf1 Qb8 22. Ba3 Bxf3 23. Bxf3 O-O 24. Bxd6 Qxd6 25. Rc3 Rc8 26.
Rxc8+ Nxc8 27. Qc2 Ne7 28. Qc3 Qd7 29. e4 Qc8 30. Qxc8+ Nxc8 31. exd5 exd5 32.
Bxd5 Nd6 33. Ke2 Kf8 34. g4 Ke7 35. f4 h6 36. Ke3 Kf6 37. h4 1/2-1/2

[Event "3. Laufenburger Open Gruppe B"]
[Site "?"]
[Date "2015.10.11"]
[Round "5.2"]
[White "Berneck, Jens"]
[Black "Metz, Berthold"]
[Result "0-1"]
[WhiteElo "1638"]
[BlackElo "1729"]
[PlyCount "70"]

{518MB, Rybka3Gen.ctg} 1. e4 c6 2. g3 d5 3. exd5 cxd5 4. d4 Nc6 5. Nf3 Nf6 6.
Bg2 Bg4 7. O-O e6 8. c3 Bd6 9. Bg5 h6 10. Bxf6 Qxf6 11. Nbd2 O-O 12. Qc2 Rac8
13. Qd3 a6 14. a4 Na5 15. Rfe1 Bf5 16. Qe3 Rc7 17. b4 Nc4 18. Nxc4 Rxc4 19. Ne5
Rc7 20. b5 Rfc8 21. Rec1 Bxe5 22. dxe5 Qe7 23. Bf1 a5 24. Qd2 b6 25. Qd4 Rc5
26. Bd3 Bxd3 27. Qxd3 Qc7 28. Qd4 Rc4 29. Qe3 Re4 30. Qd2 Qxe5 31. f3 Rec4 32.
Ra3 Qd6 33. Rb3 Rxa4 34. c4 Qc5+ 35. Kg2 Rxc4 0-1

[Event "3. Laufenburger Open Gruppe A"]
[Site "?"]
[Date "2015.10.11"]
[Round "5.6"]
[White "Stockert, Laurids"]
[Black "Kais, Edgar"]
[Result "0-1"]
[WhiteElo "1964"]
[BlackElo "2052"]
[Annotator "Bahner,Jochen"]
[PlyCount "68"]

{518MB, Rybka3Gen.ctg} 1. e4 d6 2. d4 Nf6 3. Nc3 e5 4. Nf3 Nbd7 5. Bc4 Be7 6.
O-O O-O 7. h3 c6 8. a4 b6 9. b3 a6 10. Bb2 Bb7 11. Re1 Qc7 12. dxe5 dxe5 13.
Qe2 Bb4 14. Red1 b5 15. Bd3 Rfe8 16. Qf1 Rad8 17. Ne2 h6 18. Ng3 g6 19. Qe2 Bf8
20. axb5 axb5 21. c4 b4 22. Bc2 c5 23. Nh2 Bg7 24. Ng4 Nxg4 25. Qxg4 Nf8 26. h4
h5 27. Qh3 Ne6 28. Nf1 Nd4 29. Ne3 Nxc2 30. Nxc2 Bxe4 31. Ne3 Qe7 32. g3 Bf3
33. Nd5 Qb7 34. Re1 Bxd5 0-1

[Event "3. Laufenburger Open Gruppe B"]
[Site "?"]
[Date "2015.10.11"]
[Round "4.5"]
[White "Moser, Benno"]
[Black "Schätzle, Thomas"]
[Result "0-1"]
[WhiteElo "1442"]
[BlackElo "1587"]
[PlyCount "90"]

{518MB, Rybka3Gen.ctg} 1. d4 Nf6 2. c4 g6 3. Nc3 Bg7 4. e4 d6 5. Nf3 O-O 6. h3
e5 7. d5 a5 8. Be3 Na6 9. Bd3 Bd7 10. a3 b6 11. O-O Nc5 12. Bc2 Nh5 13. b4 axb4
14. axb4 Na6 15. Qb1 Nf4 16. Kh2 Qc8 17. Ng1 f5 18. Ra3 Nh5 19. exf5 gxf5 20.
f3 Nf6 21. g4 f4 22. Bf2 h6 23. Qb3 Qb7 24. Rfa1 c5 25. bxc5 (25. dxc6 Bxc6 26.
b5 Nc5 27. Bxc5 bxc5 28. bxc6 Qxc6) 25... dxc5 26. Ne4 Nxe4 27. Bxe4 Nb4 28. d6
Bc6 29. Rxa8 Rxa8 30. Rxa8+ Qxa8 31. Bf5 Bf6 32. Qd1 Qa2 33. Be6+ Kf8 34. Qe2
Qxe2 35. Nxe2 Bxf3 36. Nc3 Bc6 37. Nb5 Bxb5 38. cxb5 e4 39. Kg2 Ke8 40. Bg1 Nc2
41. Bd5 e3 42. Kf1 Kd7 43. Bh2 Be5 44. Ke2 Kxd6 45. Be4 Nd4+ 0-1